Física universitaria.

Salvato in:
Dettagli Bibliografici
Autore principale: Sears, Francis Weston
Altri autori: Zemansky, Mark Waldo, Young, Hugh D, Freedman, Roger A
Natura: Libro
Lingua:spagnolo
Pubblicazione: Buenos Aires, Argentina Addison-Wesley 1998
Soggetti:
Tags: Aggiungi Tag
Nessun Tag, puoi essere il primo ad aggiungerne!!

MARC

LEADER 00000nam a2200000 a 4500
001 UCO1447
003 CL-VaPUC
005 20241017113205.0
008 000512e19980000AG |||||||||||||||||spa|d
999 |c 288067  |d 288065 
040 |c Pontificia Universidad Católica de Valparaíso 
082 0 4 |a 530 SEA 1998  |2 21 
100 0 |a Sears, Francis Weston  |9 443565 
245 1 0 |a Física universitaria. 
260 0 3 |a Buenos Aires, Argentina  |b Addison-Wesley  |c 1998 
300 |a 2 volúmenes 
583 |a last modification  |c 20130419 10:21:13  |k Rodrigo Vera 
650 0 |a Física  |x Mecánica  |9 265389 
650 0 |a Energía cinética  |9 260123 
650 0 |a Gravitación  |9 227844 
650 0 |a Sonido  |x Onda sonora  |x Onda mecánica  |x Onda periódica  |9 260096 
650 0 |a Termodinámica  |x Temperatura  |9 263171 
650 0 |a Electromagnetismo  |x Campo eléctrico  |9 892422 
650 0 |a Óptica   |x Óptica geométrica  |9 892423 
650 0 |a Mecánica cuántica  |x Física nuclear   |9 892424 
700 0 |a Zemansky, Mark Waldo  |9 443566 
700 0 |a Young, Hugh D  |9 443567 
700 0 |a Freedman, Roger A  |9 443568 
942 |c BK  |2 ddc 
945 |d 20000512 00:00:00  |a vberengu 
952 |0 0  |1 0  |2 ddc  |4 0  |6 530_000000000000000_SEA_1998  |7 0  |8 A  |9 335259  |a BIBCUR  |b BIBCUR  |d 2019-11-20  |h v.1  |i 3622347  |l 7  |m 3  |o 530 SEA 1998  |p 3622347  |r 2025-04-22  |s 2025-04-02  |t 1  |w 2019-11-20  |y BK  |k BCB 
952 |0 0  |1 0  |2 ddc  |4 0  |6 530_000000000000000_SEA_1998  |7 0  |8 A  |9 335260  |a BIBCUR  |b BIBCUR  |d 2019-11-20  |h v.2  |i 3622355  |l 4  |o 530 SEA 1998  |p 3622355  |r 2025-04-22  |s 2024-10-23  |t 1  |w 2019-11-20  |y BK  |k BCB 
952 |0 0  |1 0  |2 ddc  |4 0  |6 530_000000000000000_SEA_1998  |7 0  |8 A  |9 335261  |a BIBCUR  |b BIBCUR  |d 2019-11-20  |h v.2  |i 2061678  |l 11  |m 1  |o 530 SEA 1998  |p 2061678  |r 2025-04-22  |s 2024-11-14  |t 2  |w 2019-11-20  |y BK  |k BCB